| 000 | 00974nam a2200265Ia 4500 | ||
|---|---|---|---|
| 003 | OSt | ||
| 005 | 20220930080044.0 | ||
| 006 | a|||||r|||| 00| 0 | ||
| 007 | ta | ||
| 008 | 220926b |||||||| |||| 00| 0 eng d | ||
| 024 | _a85040 | ||
| 037 | _cTheses | ||
| 040 |
_aCRL _cCRL _beng |
||
| 041 |
_2eng _aeng |
||
| 100 |
_aChaudhary Shashi _9537970 |
||
| 110 |
_aUniversity of Delhi. Faculty of Inter-disciplinary and Applied Sciences. Department of Genetics _9524242 |
||
| 245 | 0 |
_aMolecular genetics of Parkinson's disease _b Contribution of alpha synuclein, UCH L1, Parkin, NAT 2 and SCA 2 genes |
|
| 260 |
_aDelhi _bUniversity of Delhi India _c2005 |
||
| 300 |
_a122p. _ap. _ccm. |
||
| 650 | _aGENETICS | ||
| 700 |
_a Prof. B. K. Thelma Gu. _9537971 |
||
| 700 |
_aUniversity of Delhi. Faculty of Inter-disciplinary and Applied Sciences. Department of Genetics _9524243 |
||
| 942 |
_cDIS _2CC |
||
| 999 |
_c869214 _d869214 |
||